Ricostruisci la Carriera del Calciatore - Massimo Oddo - Statistics

Statistiche generali
  • Questo quiz è stato fatto 8 volte
  • Il punteggio medio è 5 su 14
Statistiche sulle risposte
Hint Risposta % Corretto
2008-2009 Bayern Monaco
75%
2007-2008 Milan
63%
1995-1996 Fiorenzuola
50%
2011-2012 Lecce
50%
2009-2011 Milan
50%
1992-1993 Renato Curi
50%
2002-2007 Lazio
38%
1997-1998 Lecco
25%
1993-1995 Milan
25%
1998-1999 Monza
25%
1999-2000 Napoli
25%
1996-1997 Prato
25%
2000-2002 Verona
25%
1996 Monza
13%
Nessun quiz corrispondente trovato
Distribuzione punteggi
Percentuale di utenti per punteggio
Percentile per numero di risposta
I tuoi punteggi nel tempo
Non hai fatto questo quiz